Numbers and functions : (Record no. 8755)

MARC details
000 -LEADER
fixed length control field 01045cam a2200265 a 4500
001 - CONTROL NUMBER
control field 12208779
003 - CONTROL NUMBER IDENTIFIER
control field OS
005 - DATE AND TIME OF LATEST TRANSACTION
control field 20240624131231.0
008 - FIXED-LENGTH DATA ELEMENTS--GENERAL INFORMATION
fixed length control field 001023s2000 enka b 001 0 eng
020 ## - INTERNATIONAL STANDARD BOOK NUMBER
International Standard Book Number 0521788366
040 ## - CATALOGING SOURCE
Original cataloging agency DDC
Transcribing agency MUST
082 00 - DEWEY DECIMAL CLASSIFICATION NUMBER
Classification number 513.5 BUR 2002
Edition number 20
100 1# - MAIN ENTRY--PERSONAL NAME
Personal name Burn, R. P.
9 (RLIN) 17618
245 10 - TITLE STATEMENT
Title Numbers and functions :
Remainder of title steps into analysis /
Statement of responsibility, etc. R.P. Burn.
250 ## - EDITION STATEMENT
Edition statement 2nd ed.
260 ## - PUBLICATION, DISTRIBUTION, ETC. (IMPRINT)
Place of publication, distribution, etc. Cambridge ;
-- New York :
Name of publisher, distributor, etc. Cambridge University Press,
Date of publication, distribution, etc. 2000.
300 ## - PHYSICAL DESCRIPTION
Extent xxiii, 356 p. :
Other physical details ill. ;
Dimensions 23 cm.
504 ## - BIBLIOGRAPHY, ETC. NOTE
Bibliography, etc Includes bibliographical references (p. 346-349) and index.
650 #0 - SUBJECT ADDED ENTRY--TOPICAL TERM
Topical term or geographic name as entry element Mathematical analysis.
9 (RLIN) 2757
856 41 - ELECTRONIC LOCATION AND ACCESS
Materials specified Sample text
Uniform Resource Identifier <a href="http://www.loc.gov/catdir/samples/cam031/00710217.html">http://www.loc.gov/catdir/samples/cam031/00710217.html</a>
856 42 - ELECTRONIC LOCATION AND ACCESS
Materials specified Publisher description
Uniform Resource Identifier <a href="http://www.loc.gov/catdir/description/cam021/00710217.html">http://www.loc.gov/catdir/description/cam021/00710217.html</a>
856 41 - ELECTRONIC LOCATION AND ACCESS
Materials specified Table of contents
Uniform Resource Identifier <a href="http://www.loc.gov/catdir/toc/cam027/00710217.html">http://www.loc.gov/catdir/toc/cam027/00710217.html</a>
942 ## - ADDED ENTRY ELEMENTS (KOHA)
Source of classification or shelving scheme Dewey Decimal Classification
Koha item type Open Shelf
Holdings
Withdrawn status Lost status Source of classification or shelving scheme Damaged status Not for loan Home library Current library Source of acquisition Inventory number Total Checkouts Full call number Barcode Date last seen Koha item type
    Dewey Decimal Classification     MUST Main Library MUST Main Library Donation 09/31880   513.5 BUR 2002 2024-21122 24/06/2024 Open Shelf